000 01144 a2200205 4500
001 32367
005 20260407155622.0
008 260407a1974 arg spa d
003 AR-UNSa-BCEJYS
040 _aAR-UNSa-BCEJYS
_bspa
_cAR-UNSa-BCEJYS
080 _a658.012.123
_xModelos de decisión. Diagramas de decisión. Árboles de decisión (Cursogramas)
245 1 0 _aCircuitos administrativos
250 _a4a. ed
264 1 _aBuenos Aires :
_bTesis
_c1974
300 _a250 p.
_c24 cm.
505 _aParte I: Técnicas: 1. Introducción - 2. Cursogramas: conceptos, objetivos y ventajas - 3. Símbolos - 4. Principios y prácticas para la confección de diagramas - 5. Pautas del formulario portador del grafico - 6. Conclusión - Parte II: Casos - 7. Normas y circuitos sobre ventas - 8. Normas y circuitos sobre compras - 9. Normas y circuitos sobre movimientos de fondos y valores - 10. Normas y circuitos sobre control de stock - 11. Normas y circuitos sobre liquidación de remuneraciones - 12. Normas y circuitos sobre diversos temas.
942 _cBK
590 _aniveau_biblio:m niveau_hierar:0
100 1 _aKlein, Miguel Jorge
999 _c2269
_d2269